000 00744nam a2200181 4500
999 _c13307
_d13307
008 190228b ||||| |||| 00| 0 eng d
022 _a0746-8342
082 _aDPer 510.5 C697 Jan 2012-Sept 2015 v. 43 & 46, n. 1-4
100 _aMellinger, Keith E.
_937211
245 _aClassroom capsules/
_cKeith E.Mellinger, edited by Ricardo Alfaro, Lixing Han and Kenneth Schilling.
260 _aWashington D. C.:
_bMathematical Association of America,
_c©Jul 2012-Sept 2015.
300 _av43 n2, pages 168-173:
_billustrations;
_c28 cm.
650 _aMathematics
_xTeaching strategy.
_937203
700 _aAlfaro, Ricardo.
_eEditor
_937212
700 _aHan, Lixing
_eEditor
_937213
700 _aSchilling, Kenneth
_eEditor
_937214
942 _2ddc
_cPER